عرض عادي
عرض مارك
- Ruback, Richard S.,
مدخل إسم شخص
001 - رقم الضبط
- حقل الضبط: 5430
003 - معرف رقم الضبط
- حقل الضبط: OSt
005 - تاريخ ووقت أخر عملية
- حقل الضبط: 20111023140007.0
008 - عناصر بيانات ثابتة الطول
- حقل تحكم ثابت الطول: 111023|||a|||||| | ||| d
040 ## - مصدر الفهرسة
- هيئة الفهرسة الأصلية: OSt
- وكالة الكتابة: OSt
100 ## - مدخل -- أسم شخص
- إسم شخص: Ruback, Richard S.,
- تواريخ مرتبطة بالاسم: 1954-
670 ## - بيانات المصدر موجوده
- الاستشهاد بالمصدر: Work cat.: (OSt)0: Case problems in finance /, c2005.
